<?xml version="1.0" encoding="UTF-8"?>
<collection xmlns="http://www.loc.gov/MARC21/slim">
 <record>
  <leader>11000nas a22011651  4500</leader>
  <controlfield tag="001">1/50154</controlfield>
  <controlfield tag="008">931021c19  9999gr mrzp           g0gre d</controlfield>
  <datafield tag="022" ind1=" " ind2=" ">
   <subfield code="a">1105-5472</subfield>
  </datafield>
  <datafield tag="035" ind1=" " ind2=" ">
   <subfield code="l">22952</subfield>
  </datafield>
  <datafield tag="040" ind1=" " ind2=" ">
   <subfield code="a">GR-PeUP</subfield>
  </datafield>
  <datafield tag="090" ind1=" " ind2=" ">
   <subfield code="a">Αλφαβητική σειρά</subfield>
  </datafield>
  <datafield tag="245" ind1="0" ind2="0">
   <subfield code="a">PC Master</subfield>
  </datafield>
  <datafield tag="260" ind1=" " ind2=" ">
   <subfield code="a">Αθήνα :</subfield>
   <subfield code="b">Compupress A.E.(Ν.Μανούσος),</subfield>
   <subfield code="c">[198-]-</subfield>
  </datafield>
  <datafield tag="300" ind1=" " ind2=" ">
   <subfield code="a">τ. :</subfield>
   <subfield code="b">εικ. ;</subfield>
   <subfield code="c">29 εκ.</subfield>
  </datafield>
  <datafield tag="310" ind1=" " ind2=" ">
   <subfield code="a">Μηνιαίο</subfield>
  </datafield>
  <datafield tag="362" ind1="0" ind2=" ">
   <subfield code="a">Τχ. 8 (Απρ. 1990) - τχ. 170 (Δεκ. 2003)</subfield>
  </datafield>
  <datafield tag="362" ind1="0" ind2=" ">
   <subfield code="a">Τχ. 171 (Ιαν. 2004)-</subfield>
  </datafield>
  <datafield tag="534" ind1=" " ind2=" ">
   <subfield code="a">Κλειστό Βιβλιοστάσιο.</subfield>
  </datafield>
  <datafield tag="546" ind1=" " ind2=" ">
   <subfield code="a">Ελληνική</subfield>
  </datafield>
  <datafield tag="650" ind1=" " ind2="4">
   <subfield code="a">Ηλεκτρονικοί υπολογιστές</subfield>
   <subfield code="v">Περιοδικά.</subfield>
  </datafield>
  <datafield tag="852" ind1=" " ind2=" ">
   <subfield code="a">INST</subfield>
   <subfield code="b">UNIPILB</subfield>
   <subfield code="c">SERIALS</subfield>
   <subfield code="e">20050228</subfield>
   <subfield code="h">Αλφαβητική σειρά</subfield>
   <subfield code="p">40600</subfield>
   <subfield code="q">40600</subfield>
   <subfield code="t">NOLOAN</subfield>
   <subfield code="v">τεύχ.171:(Μήνας)Ιανουάριος;(Έτος)2004</subfield>
   <subfield code="y">23</subfield>
  </datafield>
  <datafield tag="852" ind1=" " ind2=" ">
   <subfield code="a">INST</subfield>
   <subfield code="b">UNIPILB</subfield>
   <subfield code="c">SERIALS</subfield>
   <subfield code="e">20050228</subfield>
   <subfield code="h">Αλφαβητική σειρά</subfield>
   <subfield code="p">40601</subfield>
   <subfield code="q">40601</subfield>
   <subfield code="t">NOLOAN</subfield>
   <subfield code="v">τεύχ.172:(Μήνας)Φεβρουάριος;(Έτος)2004</subfield>
   <subfield code="y">23</subfield>
  </datafield>
  <datafield tag="852" ind1=" " ind2=" ">
   <subfield code="a">INST</subfield>
   <subfield code="b">UNIPILB</subfield>
   <subfield code="c">SERIALS</subfield>
   <subfield code="e">20050228</subfield>
   <subfield code="h">Αλφαβητική σειρά</subfield>
   <subfield code="p">40602</subfield>
   <subfield code="q">40602</subfield>
   <subfield code="t">NOLOAN</subfield>
   <subfield code="v">τεύχ.173:(Μήνας)Μάρτιος;(Έτος)2004</subfield>
   <subfield code="y">23</subfield>
  </datafield>
  <datafield tag="852" ind1=" " ind2=" ">
   <subfield code="a">INST</subfield>
   <subfield code="b">UNIPILB</subfield>
   <subfield code="c">SERIALS</subfield>
   <subfield code="e">20050228</subfield>
   <subfield code="h">Αλφαβητική σειρά</subfield>
   <subfield code="p">40603</subfield>
   <subfield code="q">40603</subfield>
   <subfield code="t">NOLOAN</subfield>
   <subfield code="v">τεύχ.174:(Μήνας)Απρίλιος;(Έτος)2004</subfield>
   <subfield code="y">23</subfield>
  </datafield>
  <datafield tag="852" ind1=" " ind2=" ">
   <subfield code="a">INST</subfield>
   <subfield code="b">UNIPILB</subfield>
   <subfield code="c">SERIALS</subfield>
   <subfield code="e">20050228</subfield>
   <subfield code="h">Αλφαβητική σειρά</subfield>
   <subfield code="p">40604</subfield>
   <subfield code="q">40604</subfield>
   <subfield code="t">NOLOAN</subfield>
   <subfield code="v">τεύχ.175:(Μήνας)Μάιος;(Έτος)2004</subfield>
   <subfield code="y">23</subfield>
  </datafield>
  <datafield tag="852" ind1=" " ind2=" ">
   <subfield code="a">INST</subfield>
   <subfield code="b">UNIPILB</subfield>
   <subfield code="c">SERIALS</subfield>
   <subfield code="e">20050228</subfield>
   <subfield code="h">Αλφαβητική σειρά</subfield>
   <subfield code="p">40605</subfield>
   <subfield code="q">40605</subfield>
   <subfield code="t">NOLOAN</subfield>
   <subfield code="v">τεύχ.176:(Μήνας)Ιούνιος;(Έτος)2004</subfield>
   <subfield code="y">23</subfield>
  </datafield>
  <datafield tag="852" ind1=" " ind2=" ">
   <subfield code="a">INST</subfield>
   <subfield code="b">UNIPILB</subfield>
   <subfield code="c">SERIALS</subfield>
   <subfield code="e">20050228</subfield>
   <subfield code="h">Αλφαβητική σειρά</subfield>
   <subfield code="p">40606</subfield>
   <subfield code="q">40606</subfield>
   <subfield code="t">NOLOAN</subfield>
   <subfield code="v">τεύχ.177:(Μήνας)Ιούλιος;(Έτος)2004</subfield>
   <subfield code="y">23</subfield>
  </datafield>
  <datafield tag="852" ind1=" " ind2=" ">
   <subfield code="a">INST</subfield>
   <subfield code="b">UNIPILB</subfield>
   <subfield code="c">SERIALS</subfield>
   <subfield code="e">20050228</subfield>
   <subfield code="h">Αλφαβητική σειρά</subfield>
   <subfield code="p">40607</subfield>
   <subfield code="q">40607</subfield>
   <subfield code="t">NOLOAN</subfield>
   <subfield code="v">τεύχ.178:(Μήνας)Αύγουστος;(Έτος)2004</subfield>
   <subfield code="y">23</subfield>
  </datafield>
  <datafield tag="852" ind1=" " ind2=" ">
   <subfield code="a">INST</subfield>
   <subfield code="b">UNIPILB</subfield>
   <subfield code="c">SERIALS</subfield>
   <subfield code="e">20050228</subfield>
   <subfield code="h">Αλφαβητική σειρά</subfield>
   <subfield code="p">40608</subfield>
   <subfield code="q">40608</subfield>
   <subfield code="t">NOLOAN</subfield>
   <subfield code="v">τεύχ.179:(Μήνας)Σεπτέμβριος;(Έτος)2004</subfield>
   <subfield code="y">23</subfield>
  </datafield>
  <datafield tag="852" ind1=" " ind2=" ">
   <subfield code="a">INST</subfield>
   <subfield code="b">UNIPILB</subfield>
   <subfield code="c">SERIALS</subfield>
   <subfield code="e">20050228</subfield>
   <subfield code="h">Αλφαβητική σειρά</subfield>
   <subfield code="p">40609</subfield>
   <subfield code="q">40609</subfield>
   <subfield code="t">NOLOAN</subfield>
   <subfield code="v">τεύχ.180:(Μήνας)Οκτώβριος;(Έτος)2004</subfield>
   <subfield code="y">23</subfield>
  </datafield>
  <datafield tag="852" ind1=" " ind2=" ">
   <subfield code="a">INST</subfield>
   <subfield code="b">UNIPILB</subfield>
   <subfield code="c">SERIALS</subfield>
   <subfield code="e">20050228</subfield>
   <subfield code="h">Αλφαβητική σειρά</subfield>
   <subfield code="p">40610</subfield>
   <subfield code="q">40610</subfield>
   <subfield code="t">NOLOAN</subfield>
   <subfield code="v">τεύχ.181:(Μήνας)Νοέμβριος;(Έτος)2004</subfield>
   <subfield code="y">23</subfield>
  </datafield>
  <datafield tag="852" ind1=" " ind2=" ">
   <subfield code="a">INST</subfield>
   <subfield code="b">UNIPILB</subfield>
   <subfield code="c">SERIALS</subfield>
   <subfield code="e">20050228</subfield>
   <subfield code="h">Αλφαβητική σειρά</subfield>
   <subfield code="p">40611</subfield>
   <subfield code="q">40611</subfield>
   <subfield code="t">NOLOAN</subfield>
   <subfield code="v">τεύχ.182:(Μήνας)Δεκέμβριος;(Έτος)2004</subfield>
   <subfield code="y">23</subfield>
  </datafield>
  <datafield tag="852" ind1=" " ind2=" ">
   <subfield code="a">INST</subfield>
   <subfield code="b">UNIPILB</subfield>
   <subfield code="c">SERIALS</subfield>
   <subfield code="e">20050228</subfield>
   <subfield code="h">Αλφαβητική σειρά</subfield>
   <subfield code="p">40612</subfield>
   <subfield code="q">40612</subfield>
   <subfield code="t">NOLOAN</subfield>
   <subfield code="v">τεύχ.183:(Μήνας)Ιανουάριος;(Έτος)2005</subfield>
   <subfield code="y">23</subfield>
  </datafield>
  <datafield tag="852" ind1=" " ind2=" ">
   <subfield code="a">INST</subfield>
   <subfield code="b">UNIPILB</subfield>
   <subfield code="c">SERIALS</subfield>
   <subfield code="e">20050406</subfield>
   <subfield code="h">Αλφαβητική σειρά</subfield>
   <subfield code="p">42184</subfield>
   <subfield code="q">42184</subfield>
   <subfield code="t">NOLOAN</subfield>
   <subfield code="v">τεύχ.186:(Μήνας)Απρίλιος;(Έτος)2005</subfield>
   <subfield code="y">23</subfield>
  </datafield>
  <datafield tag="852" ind1=" " ind2=" ">
   <subfield code="a">INST</subfield>
   <subfield code="b">UNIPILB</subfield>
   <subfield code="c">SERIALS</subfield>
   <subfield code="e">20050517</subfield>
   <subfield code="h">Αλφαβητική σειρά</subfield>
   <subfield code="p">43196</subfield>
   <subfield code="q">43196</subfield>
   <subfield code="t">NOLOAN</subfield>
   <subfield code="v">τεύχ.187:(Μήνας)Μάιος;(Έτος)2005</subfield>
   <subfield code="y">23</subfield>
  </datafield>
  <datafield tag="852" ind1=" " ind2=" ">
   <subfield code="a">INST</subfield>
   <subfield code="b">UNIPILB</subfield>
   <subfield code="c">SERIALS</subfield>
   <subfield code="e">20050523</subfield>
   <subfield code="h">Αλφαβητική σειρά</subfield>
   <subfield code="p">43447</subfield>
   <subfield code="q">43447</subfield>
   <subfield code="t">NOLOAN</subfield>
   <subfield code="v">τεύχ.184:(Μήνας)Φεβρουάριος;(Έτος)2005</subfield>
   <subfield code="y">23</subfield>
  </datafield>
  <datafield tag="852" ind1=" " ind2=" ">
   <subfield code="a">INST</subfield>
   <subfield code="b">UNIPILB</subfield>
   <subfield code="c">SERIALS</subfield>
   <subfield code="e">20050523</subfield>
   <subfield code="h">Αλφαβητική σειρά</subfield>
   <subfield code="p">43448</subfield>
   <subfield code="q">43448</subfield>
   <subfield code="t">NOLOAN</subfield>
   <subfield code="v">τεύχ.185:(Μήνας)Μάρτιος;(Έτος)2005</subfield>
   <subfield code="y">23</subfield>
  </datafield>
  <datafield tag="852" ind1=" " ind2=" ">
   <subfield code="a">INST</subfield>
   <subfield code="b">UNIPILB</subfield>
   <subfield code="c">SERIALS</subfield>
   <subfield code="e">20050607</subfield>
   <subfield code="h">Αλφαβητική σειρά</subfield>
   <subfield code="p">43726</subfield>
   <subfield code="q">43726</subfield>
   <subfield code="t">NOLOAN</subfield>
   <subfield code="v">τεύχ.188:(Μήνας)Ιούνιος;(Έτος)2005</subfield>
   <subfield code="y">23</subfield>
  </datafield>
  <datafield tag="852" ind1=" " ind2=" ">
   <subfield code="a">INST</subfield>
   <subfield code="b">UNIPILB</subfield>
   <subfield code="c">SERIALS</subfield>
   <subfield code="e">20050630</subfield>
   <subfield code="h">Αλφαβητική σειρά</subfield>
   <subfield code="p">44340</subfield>
   <subfield code="q">44340</subfield>
   <subfield code="t">NOLOAN</subfield>
   <subfield code="v">τεύχ.189:(Μήνας)Ιούλιος;(Έτος)2005</subfield>
   <subfield code="y">23</subfield>
  </datafield>
  <datafield tag="852" ind1=" " ind2=" ">
   <subfield code="a">INST</subfield>
   <subfield code="b">UNIPILB</subfield>
   <subfield code="c">SERIALS</subfield>
   <subfield code="e">20050823</subfield>
   <subfield code="h">Αλφαβητική σειρά</subfield>
   <subfield code="p">45370</subfield>
   <subfield code="q">45370</subfield>
   <subfield code="t">NOLOAN</subfield>
   <subfield code="v">τεύχ.190:(Μήνας)Αύγουστος;(Έτος)2005</subfield>
   <subfield code="y">23</subfield>
  </datafield>
  <datafield tag="852" ind1=" " ind2=" ">
   <subfield code="a">INST</subfield>
   <subfield code="b">UNIPILB</subfield>
   <subfield code="c">SERIALS</subfield>
   <subfield code="e">20050905</subfield>
   <subfield code="h">Αλφαβητική σειρά</subfield>
   <subfield code="p">45948</subfield>
   <subfield code="q">45948</subfield>
   <subfield code="t">NOLOAN</subfield>
   <subfield code="v">τεύχ.191:(Μήνας)Σεπτέμβριος;(Έτος)2005</subfield>
   <subfield code="y">23</subfield>
  </datafield>
  <datafield tag="852" ind1=" " ind2=" ">
   <subfield code="a">INST</subfield>
   <subfield code="b">UNIPILB</subfield>
   <subfield code="c">SERIALS</subfield>
   <subfield code="e">20051003</subfield>
   <subfield code="h">Αλφαβητική σειρά</subfield>
   <subfield code="p">47200</subfield>
   <subfield code="q">47200</subfield>
   <subfield code="t">NOLOAN</subfield>
   <subfield code="v">τεύχ.192:(Μήνας)Οκτώβριος;(Έτος)2005</subfield>
   <subfield code="y">23</subfield>
  </datafield>
  <datafield tag="852" ind1=" " ind2=" ">
   <subfield code="a">INST</subfield>
   <subfield code="b">UNIPILB</subfield>
   <subfield code="c">SERIALS</subfield>
   <subfield code="e">20051031</subfield>
   <subfield code="h">Αλφαβητική σειρά</subfield>
   <subfield code="p">47986</subfield>
   <subfield code="q">47986</subfield>
   <subfield code="t">NOLOAN</subfield>
   <subfield code="v">τεύχ.193:(Μήνας)Νοέμβριος;(Έτος)2005</subfield>
   <subfield code="y">23</subfield>
  </datafield>
  <datafield tag="852" ind1=" " ind2=" ">
   <subfield code="a">INST</subfield>
   <subfield code="b">UNIPILB</subfield>
   <subfield code="c">SERIALS</subfield>
   <subfield code="e">20060111</subfield>
   <subfield code="h">Αλφαβητική σειρά</subfield>
   <subfield code="p">49385</subfield>
   <subfield code="q">49385</subfield>
   <subfield code="t">NOLOAN</subfield>
   <subfield code="v">τεύχ.194:(Μήνας)Δεκέμβριος;(Έτος)2005</subfield>
   <subfield code="y">23</subfield>
  </datafield>
  <datafield tag="852" ind1=" " ind2=" ">
   <subfield code="a">INST</subfield>
   <subfield code="b">UNIPILB</subfield>
   <subfield code="c">SERIALS</subfield>
   <subfield code="e">20060111</subfield>
   <subfield code="h">Αλφαβητική σειρά</subfield>
   <subfield code="p">49386</subfield>
   <subfield code="q">49386</subfield>
   <subfield code="t">NOLOAN</subfield>
   <subfield code="v">τεύχ.195:(Μήνας)Ιανουάριος;(Έτος)2006</subfield>
   <subfield code="y">23</subfield>
  </datafield>
  <datafield tag="852" ind1=" " ind2=" ">
   <subfield code="a">INST</subfield>
   <subfield code="b">UNIPILB</subfield>
   <subfield code="c">SERIALS</subfield>
   <subfield code="e">20080909</subfield>
   <subfield code="h">Αλφαβητική σειρά</subfield>
   <subfield code="p">61450</subfield>
   <subfield code="q">61450</subfield>
   <subfield code="t">NOLOAN</subfield>
   <subfield code="v">τεύχ.222:(Μήνας)Απρίλιος;(Έτος)2008</subfield>
   <subfield code="y">23</subfield>
  </datafield>
  <datafield tag="852" ind1=" " ind2=" ">
   <subfield code="a">INST</subfield>
   <subfield code="b">UNIPILB</subfield>
   <subfield code="c">SERIALS</subfield>
   <subfield code="e">20080909</subfield>
   <subfield code="h">Αλφαβητική σειρά</subfield>
   <subfield code="p">61451</subfield>
   <subfield code="q">61451</subfield>
   <subfield code="t">NOLOAN</subfield>
   <subfield code="v">τεύχ.224:(Μήνας)Ιούνιος;(Έτος)2008</subfield>
   <subfield code="y">23</subfield>
  </datafield>
  <datafield tag="852" ind1=" " ind2=" ">
   <subfield code="a">INST</subfield>
   <subfield code="b">UNIPILB</subfield>
   <subfield code="c">SERIALS</subfield>
   <subfield code="e">20080909</subfield>
   <subfield code="h">Αλφαβητική σειρά</subfield>
   <subfield code="p">61452</subfield>
   <subfield code="q">61452</subfield>
   <subfield code="t">NOLOAN</subfield>
   <subfield code="v">τεύχ.225:(Μήνας)Ιούλιος;(Έτος)2008</subfield>
   <subfield code="y">23</subfield>
  </datafield>
  <datafield tag="852" ind1=" " ind2=" ">
   <subfield code="a">INST</subfield>
   <subfield code="b">UNIPILB</subfield>
   <subfield code="c">SERIALS</subfield>
   <subfield code="e">20080909</subfield>
   <subfield code="h">Αλφαβητική σειρά</subfield>
   <subfield code="p">61453</subfield>
   <subfield code="q">61453</subfield>
   <subfield code="t">NOLOAN</subfield>
   <subfield code="v">τεύχ.226:(Μήνας)Αύγουστος;(Έτος)2008</subfield>
   <subfield code="y">23</subfield>
  </datafield>
  <datafield tag="852" ind1=" " ind2=" ">
   <subfield code="a">INST</subfield>
   <subfield code="b">UNIPILB</subfield>
   <subfield code="c">SERIALS</subfield>
   <subfield code="e">20080909</subfield>
   <subfield code="h">Αλφαβητική σειρά</subfield>
   <subfield code="p">61454</subfield>
   <subfield code="q">61454</subfield>
   <subfield code="t">NOLOAN</subfield>
   <subfield code="v">τεύχ.227:(Μήνας)Σεπτέμβριος;(Έτος)2008</subfield>
   <subfield code="y">23</subfield>
  </datafield>
  <datafield tag="852" ind1=" " ind2=" ">
   <subfield code="a">INST</subfield>
   <subfield code="b">UNIPILB</subfield>
   <subfield code="c">SERIALS</subfield>
   <subfield code="e">20081007</subfield>
   <subfield code="h">Αλφαβητική σειρά</subfield>
   <subfield code="p">61715</subfield>
   <subfield code="q">61715</subfield>
   <subfield code="t">NOLOAN</subfield>
   <subfield code="v">τεύχ.228:(Μήνας)Οκτώβριος;(Έτος)2008</subfield>
   <subfield code="y">23</subfield>
  </datafield>
  <datafield tag="852" ind1=" " ind2=" ">
   <subfield code="a">INST</subfield>
   <subfield code="b">UNIPILB</subfield>
   <subfield code="c">SERIALS</subfield>
   <subfield code="e">20081029</subfield>
   <subfield code="h">Αλφαβητική σειρά</subfield>
   <subfield code="p">61860</subfield>
   <subfield code="q">61860</subfield>
   <subfield code="t">NOLOAN</subfield>
   <subfield code="v">τεύχ.229:(Μήνας)Νοέμβριος;(Έτος)2008</subfield>
   <subfield code="y">23</subfield>
  </datafield>
  <datafield tag="852" ind1=" " ind2=" ">
   <subfield code="a">INST</subfield>
   <subfield code="b">UNIPILB</subfield>
   <subfield code="c">SERIALS</subfield>
   <subfield code="e">20081217</subfield>
   <subfield code="h">Αλφαβητική σειρά</subfield>
   <subfield code="p">62276</subfield>
   <subfield code="q">62276</subfield>
   <subfield code="t">NOLOAN</subfield>
   <subfield code="v">τεύχ.230:(Μήνας)Δεκέμβριος;(Έτος)2008</subfield>
   <subfield code="y">23</subfield>
  </datafield>
  <datafield tag="852" ind1=" " ind2=" ">
   <subfield code="a">INST</subfield>
   <subfield code="b">UNIPILB</subfield>
   <subfield code="c">SERIALS</subfield>
   <subfield code="e">20090127</subfield>
   <subfield code="h">Αλφαβητική σειρά</subfield>
   <subfield code="p">62568</subfield>
   <subfield code="q">62568</subfield>
   <subfield code="t">NOLOAN</subfield>
   <subfield code="v">τεύχ.231:(Μήνας)Ιανουάριος;(Έτος)2009</subfield>
   <subfield code="y">23</subfield>
  </datafield>
  <datafield tag="852" ind1=" " ind2=" ">
   <subfield code="a">INST</subfield>
   <subfield code="b">UNIPILB</subfield>
   <subfield code="c">SERIALS</subfield>
   <subfield code="e">20090127</subfield>
   <subfield code="h">Αλφαβητική σειρά</subfield>
   <subfield code="p">62569</subfield>
   <subfield code="q">62569</subfield>
   <subfield code="t">NOLOAN</subfield>
   <subfield code="v">τεύχ.232:(Μήνας)Φεβρουάριος;(Έτος)2009</subfield>
   <subfield code="y">23</subfield>
  </datafield>
  <datafield tag="852" ind1=" " ind2=" ">
   <subfield code="a">INST</subfield>
   <subfield code="b">UNIPILB</subfield>
   <subfield code="c">SERIALS</subfield>
   <subfield code="e">20090406</subfield>
   <subfield code="h">Αλφαβητική σειρά</subfield>
   <subfield code="p">63786</subfield>
   <subfield code="q">63786</subfield>
   <subfield code="t">NOLOAN</subfield>
   <subfield code="v">τεύχ.233:(Μήνας)Μάρτιος;(Έτος)2009</subfield>
   <subfield code="y">23</subfield>
  </datafield>
  <datafield tag="852" ind1=" " ind2=" ">
   <subfield code="a">INST</subfield>
   <subfield code="b">UNIPILB</subfield>
   <subfield code="c">SERIALS</subfield>
   <subfield code="e">20090406</subfield>
   <subfield code="h">Αλφαβητική σειρά</subfield>
   <subfield code="p">63787</subfield>
   <subfield code="q">63787</subfield>
   <subfield code="t">NOLOAN</subfield>
   <subfield code="v">τεύχ.234:(Μήνας)Απρίλιος;(Έτος)2009</subfield>
   <subfield code="y">23</subfield>
  </datafield>
  <datafield tag="852" ind1=" " ind2=" ">
   <subfield code="a">INST</subfield>
   <subfield code="b">UNIPILB</subfield>
   <subfield code="c">SERIALS</subfield>
   <subfield code="e">20090511</subfield>
   <subfield code="h">Αλφαβητική σειρά</subfield>
   <subfield code="p">64036</subfield>
   <subfield code="q">64036</subfield>
   <subfield code="t">NOLOAN</subfield>
   <subfield code="v">τεύχ.235:(Μήνας)Μάιος;(Έτος)2009</subfield>
   <subfield code="y">23</subfield>
  </datafield>
  <datafield tag="852" ind1=" " ind2=" ">
   <subfield code="a">INST</subfield>
   <subfield code="b">UNIPILB</subfield>
   <subfield code="c">SERIALS</subfield>
   <subfield code="e">20090701</subfield>
   <subfield code="h">Αλφαβητική σειρά</subfield>
   <subfield code="p">64334</subfield>
   <subfield code="q">64334</subfield>
   <subfield code="t">NOLOAN</subfield>
   <subfield code="v">τεύχ.236:(Μήνας)Ιούνιος;(Έτος)2009</subfield>
   <subfield code="y">23</subfield>
  </datafield>
  <datafield tag="852" ind1=" " ind2=" ">
   <subfield code="a">INST</subfield>
   <subfield code="b">UNIPILB</subfield>
   <subfield code="c">SERIALS</subfield>
   <subfield code="e">20090901</subfield>
   <subfield code="h">Αλφαβητική σειρά</subfield>
   <subfield code="p">64546</subfield>
   <subfield code="q">64546</subfield>
   <subfield code="t">NOLOAN</subfield>
   <subfield code="v">τεύχ.239:(Μήνας)Σεπτέμβριος;(Έτος)2009</subfield>
   <subfield code="y">23</subfield>
  </datafield>
  <datafield tag="852" ind1=" " ind2=" ">
   <subfield code="a">INST</subfield>
   <subfield code="b">UNIPILB</subfield>
   <subfield code="c">SERIALS</subfield>
   <subfield code="e">20090917</subfield>
   <subfield code="h">Αλφαβητική σειρά</subfield>
   <subfield code="p">64660</subfield>
   <subfield code="q">64660</subfield>
   <subfield code="t">NOLOAN</subfield>
   <subfield code="v">τεύχ.238:(Μήνας)Αύγουστος;(Έτος)2009</subfield>
   <subfield code="y">23</subfield>
  </datafield>
  <datafield tag="852" ind1=" " ind2=" ">
   <subfield code="a">INST</subfield>
   <subfield code="b">UNIPILB</subfield>
   <subfield code="c">SERIALS</subfield>
   <subfield code="e">20091005</subfield>
   <subfield code="h">Αλφαβητική σειρά</subfield>
   <subfield code="p">64865</subfield>
   <subfield code="q">64865</subfield>
   <subfield code="t">NOLOAN</subfield>
   <subfield code="v">τεύχ.240:(Μήνας)Οκτώβριος;(Έτος)2009</subfield>
   <subfield code="y">23</subfield>
  </datafield>
  <datafield tag="852" ind1=" " ind2=" ">
   <subfield code="a">INST</subfield>
   <subfield code="b">UNIPILB</subfield>
   <subfield code="c">SERIALS</subfield>
   <subfield code="e">20091111</subfield>
   <subfield code="h">Αλφαβητική σειρά</subfield>
   <subfield code="p">65356</subfield>
   <subfield code="q">65356</subfield>
   <subfield code="t">NOLOAN</subfield>
   <subfield code="v">τεύχ.241:(Μήνας)Νοέμβριος;(Έτος)2009</subfield>
   <subfield code="y">23</subfield>
  </datafield>
  <datafield tag="856" ind1="4" ind2="1">
   <subfield code="u">http://www.pcmaster.gr</subfield>
  </datafield>
  <datafield tag="900" ind1=" " ind2=" ">
   <subfield code="a">Τχ. 242 (Δεκέμβριος 2009)</subfield>
   <subfield code="b">Οφειλόμενο</subfield>
   <subfield code="c">08/03/2010</subfield>
  </datafield>
  <datafield tag="900" ind1=" " ind2=" ">
   <subfield code="a">Τχ. 196 (Φεβρουάριος 2006)</subfield>
   <subfield code="b">Οφειλόμενο</subfield>
   <subfield code="c">02/07/2006</subfield>
  </datafield>
  <datafield tag="900" ind1=" " ind2=" ">
   <subfield code="a">Τχ. 197 (Μάρτιος 2006)</subfield>
   <subfield code="b">Οφειλόμενο</subfield>
   <subfield code="c">09/09/2008</subfield>
  </datafield>
  <datafield tag="900" ind1=" " ind2=" ">
   <subfield code="a">Τχ. 198 (Απρίλιος 2006)</subfield>
   <subfield code="b">Οφειλόμενο</subfield>
   <subfield code="c">09/09/2008</subfield>
  </datafield>
  <datafield tag="900" ind1=" " ind2=" ">
   <subfield code="a">Τχ. 199 (Μάιος 2006)</subfield>
   <subfield code="b">Οφειλόμενο</subfield>
   <subfield code="c">09/09/2008</subfield>
  </datafield>
  <datafield tag="900" ind1=" " ind2=" ">
   <subfield code="a">Τχ. 200 (Ιούνιος 2006)</subfield>
   <subfield code="b">Οφειλόμενο</subfield>
   <subfield code="c">09/09/2008</subfield>
  </datafield>
  <datafield tag="900" ind1=" " ind2=" ">
   <subfield code="a">Τχ. 201 (Ιούλιος 2006)</subfield>
   <subfield code="b">Οφειλόμενο</subfield>
   <subfield code="c">09/09/2008</subfield>
  </datafield>
  <datafield tag="900" ind1=" " ind2=" ">
   <subfield code="a">Τχ. 202 (Αύγουστος 2006)</subfield>
   <subfield code="b">Οφειλόμενο</subfield>
   <subfield code="c">09/09/2008</subfield>
  </datafield>
  <datafield tag="900" ind1=" " ind2=" ">
   <subfield code="a">Τχ. 203 (Σεπτέμβριος 2006)</subfield>
   <subfield code="b">Οφειλόμενο</subfield>
   <subfield code="c">09/09/2008</subfield>
  </datafield>
  <datafield tag="900" ind1=" " ind2=" ">
   <subfield code="a">Τχ. 204 (Οκτώβριος 2006)</subfield>
   <subfield code="b">Οφειλόμενο</subfield>
   <subfield code="c">09/09/2008</subfield>
  </datafield>
  <datafield tag="900" ind1=" " ind2=" ">
   <subfield code="a">Τχ. 205 (Νοέμβριος 2006)</subfield>
   <subfield code="b">Οφειλόμενο</subfield>
   <subfield code="c">09/09/2008</subfield>
  </datafield>
  <datafield tag="900" ind1=" " ind2=" ">
   <subfield code="a">Τχ. 206 (Δεκέμβριος 2006)</subfield>
   <subfield code="b">Οφειλόμενο</subfield>
   <subfield code="c">09/09/2008</subfield>
  </datafield>
  <datafield tag="900" ind1=" " ind2=" ">
   <subfield code="a">Τχ. 207 (Ιανουάριος 2007)</subfield>
   <subfield code="b">Οφειλόμενο</subfield>
   <subfield code="c">09/09/2008</subfield>
  </datafield>
  <datafield tag="900" ind1=" " ind2=" ">
   <subfield code="a">Τχ. 208 (Φεβρουάριος 2007)</subfield>
   <subfield code="b">Οφειλόμενο</subfield>
   <subfield code="c">09/09/2008</subfield>
  </datafield>
  <datafield tag="900" ind1=" " ind2=" ">
   <subfield code="a">Τχ. 209 (Μάρτιος 2007)</subfield>
   <subfield code="b">Οφειλόμενο</subfield>
   <subfield code="c">09/09/2008</subfield>
  </datafield>
  <datafield tag="900" ind1=" " ind2=" ">
   <subfield code="a">Τχ. 210 (Απρίλιος 2007)</subfield>
   <subfield code="b">Οφειλόμενο</subfield>
   <subfield code="c">09/09/2008</subfield>
  </datafield>
  <datafield tag="900" ind1=" " ind2=" ">
   <subfield code="a">Τχ. 211 (Μάιος 2007)</subfield>
   <subfield code="b">Οφειλόμενο</subfield>
   <subfield code="c">09/09/2008</subfield>
  </datafield>
  <datafield tag="900" ind1=" " ind2=" ">
   <subfield code="a">Τχ. 212 (Ιούνιος 2007)</subfield>
   <subfield code="b">Οφειλόμενο</subfield>
   <subfield code="c">09/09/2008</subfield>
  </datafield>
  <datafield tag="900" ind1=" " ind2=" ">
   <subfield code="a">Τχ. 213 (Ιούλιος 2007)</subfield>
   <subfield code="b">Οφειλόμενο</subfield>
   <subfield code="c">09/09/2008</subfield>
  </datafield>
  <datafield tag="900" ind1=" " ind2=" ">
   <subfield code="a">Τχ. 214 (Αύγουστος 2007)</subfield>
   <subfield code="b">Οφειλόμενο</subfield>
   <subfield code="c">09/09/2008</subfield>
  </datafield>
  <datafield tag="900" ind1=" " ind2=" ">
   <subfield code="a">Τχ. 215 (Σεπτέμβριος 2007)</subfield>
   <subfield code="b">Οφειλόμενο</subfield>
   <subfield code="c">09/09/2008</subfield>
  </datafield>
  <datafield tag="900" ind1=" " ind2=" ">
   <subfield code="a">Τχ. 216 (Οκτώβριος 2007)</subfield>
   <subfield code="b">Οφειλόμενο</subfield>
   <subfield code="c">09/09/2008</subfield>
  </datafield>
  <datafield tag="900" ind1=" " ind2=" ">
   <subfield code="a">Τχ. 217 (Νοέμβριος 2007)</subfield>
   <subfield code="b">Οφειλόμενο</subfield>
   <subfield code="c">09/09/2008</subfield>
  </datafield>
  <datafield tag="900" ind1=" " ind2=" ">
   <subfield code="a">Τχ. 218 (Δεκέμβριος 2007)</subfield>
   <subfield code="b">Οφειλόμενο</subfield>
   <subfield code="c">09/09/2008</subfield>
  </datafield>
  <datafield tag="900" ind1=" " ind2=" ">
   <subfield code="a">Τχ. 219 (Ιανουάριος 2008)</subfield>
   <subfield code="b">Οφειλόμενο</subfield>
   <subfield code="c">09/09/2008</subfield>
  </datafield>
  <datafield tag="900" ind1=" " ind2=" ">
   <subfield code="a">Τχ. 220 (Φεβρουάριος 2008)</subfield>
   <subfield code="b">Οφειλόμενο</subfield>
   <subfield code="c">09/09/2008</subfield>
  </datafield>
  <datafield tag="900" ind1=" " ind2=" ">
   <subfield code="a">Τχ. 221 (Μάρτιος 2008)</subfield>
   <subfield code="b">Οφειλόμενο</subfield>
   <subfield code="c">09/09/2008</subfield>
  </datafield>
  <datafield tag="900" ind1=" " ind2=" ">
   <subfield code="a">Τχ. 223 (Μάιος 2008)</subfield>
   <subfield code="b">Οφειλόμενο</subfield>
   <subfield code="c">18/09/2008</subfield>
  </datafield>
  <datafield tag="900" ind1=" " ind2=" ">
   <subfield code="a">Τχ. 237 (Ιούλιος 2009)</subfield>
   <subfield code="b">Οφειλόμενο</subfield>
   <subfield code="c">14/10/2009</subfield>
  </datafield>
  <datafield tag="950" ind1=" " ind2=" ">
   <subfield code="a">01/01/2004</subfield>
   <subfield code="c">COMPUPRESS</subfield>
   <subfield code="d">15</subfield>
  </datafield>
  <datafield tag="951" ind1=" " ind2=" ">
   <subfield code="a">Τχ. 238 (Αύγουστος 2009) - Τχ. 241 (Νοέμβριος 2009)</subfield>
   <subfield code="b">Main run</subfield>
  </datafield>
  <datafield tag="951" ind1=" " ind2=" ">
   <subfield code="a">Τχ.8(Απρ. 1990)-  (τχ.170(Δεκ. 2003)</subfield>
   <subfield code="b">Main run</subfield>
  </datafield>
  <datafield tag="951" ind1=" " ind2=" ">
   <subfield code="a">Τχ. 171 (Ιανουάριος 2004) - Τχ. 195 (Ιανουάριος 2006)</subfield>
   <subfield code="b">Main run</subfield>
  </datafield>
  <datafield tag="951" ind1=" " ind2=" ">
   <subfield code="a">Τχ. 222 (Απρίλιος 2008)</subfield>
   <subfield code="b">Main run</subfield>
  </datafield>
  <datafield tag="951" ind1=" " ind2=" ">
   <subfield code="a">Τχ. 224 (Ιούνιος 2008) - Τχ. 236 (Ιούνιος 2009)</subfield>
   <subfield code="b">Main run</subfield>
  </datafield>
  <datafield tag="952" ind1=" " ind2=" ">
   <subfield code="a">(11)1990, (19-24)1991, (25,32)1992, (36)1993, (70-79)1996, (80-90)1997, (97)1998, (112)1999, (135)2001, (168)2003</subfield>
  </datafield>
 </record>
</collection>
